Mỹ học đại cương Chương trình giáo trình Đại học

Sách gồm 4 phần. Phần 1: Bản chất của mĩ học. Phần 2: Khách thể thẩm mĩ. Phần 3: Chủ thể thẩm mĩ và phần 4: Bồi dưàng năng lực cá nhân thông qua bồi dưàng lí tưởng thẩm mĩ và cách thưởng thức các loại hình, loại thể nghệ thuật...

Descripción completa

Guardado en:
Detalles Bibliográficos
Autor principal: Đỗ, Văn Khang
Formato: Libro
Lenguaje:Undetermined
Publicado: Hà Nội Giáo dục 1997
Materias:
Etiquetas: Agregar Etiqueta
Sin Etiquetas, Sea el primero en etiquetar este registro!
Thư viện lưu trữ: Trung tâm Học liệu Trường Đại học Cần Thơ
LEADER 00948nam a2200217Ia 4500
001 CTU_15660
008 210402s9999 xx 000 0 und d
020 |c 14000 
082 |a 111.85 
082 |b Kh106 
100 |a Đỗ, Văn Khang 
245 0 |a Mỹ học đại cương 
245 0 |b Chương trình giáo trình Đại học 
245 0 |c Đỗ Văn Khang 
260 |a Hà Nội 
260 |b Giáo dục 
260 |c 1997 
520 |a Sách gồm 4 phần. Phần 1: Bản chất của mĩ học. Phần 2: Khách thể thẩm mĩ. Phần 3: Chủ thể thẩm mĩ và phần 4: Bồi dưàng năng lực cá nhân thông qua bồi dưàng lí tưởng thẩm mĩ và cách thưởng thức các loại hình, loại thể nghệ thuật 
650 |a Aesthetics 
904 |i Huỳnh Mai 
980 |a Trung tâm Học liệu Trường Đại học Cần Thơ